ბათუმის შოთა რუსთაველის სახელმწიფო უნივერსიტეტის ბიბლიოთეკა

Немецко-Русский политехнический словарь=DEUTSCH-RUSSISCHES POLYTECHNISCHES WORTERUCH. (ბიბ.ჩანაწერი № 37251)

000 -LEADER
fixed length control field 00676nam a2200193Ia 4500
001 - CONTROL NUMBER
control field 3210
003 - CONTROL NUMBER IDENTIFIER
control field GE_BSU
008 - FIXED-LENGTH DATA ELEMENTS--GENERAL INFORMATION
fixed length control field 181216s||||||||xx |||||||||||||| ||und||
040 ## - CATALOGING SOURCE
Transcribing agency GE_BSU
080 ## - UNIVERSAL DECIMAL CLASSIFICATION NUMBER
Universal Decimal Classification number 62(038)81,374.822=11=161.1
245 ## - TITLE STATEMENT
Title Немецко-Русский политехнический словарь=DEUTSCH-RUSSISCHES POLYTECHNISCHES WORTERUCH.
245 ## - TITLE STATEMENT
Statement of responsibility, etc. Ред.Б.А.Богомолов, А.М.Баранов, И.И.Муронец и др.
260 ## - PUBLICATION, DISTRIBUTION, ETC.
Place of publication, distribution, etc. М.
260 ## - PUBLICATION, DISTRIBUTION, ETC.
Name of publisher, distributor, etc. Физматгиз.
260 ## - PUBLICATION, DISTRIBUTION, ETC.
Date of publication, distribution, etc. 1963.
300 ## - PHYSICAL DESCRIPTION
Extent 812 стр. 26 см.
653 ## - INDEX TERM--UNCONTROLLED
Uncontrolled term НЕмецко-Русский политехнический словарь.
942 ## - ADDED ENTRY ELEMENTS (KOHA)
Koha item type წიგნი
ეგზემპლარები
Withdrawn status Lost status Damaged status Not for loan Date acquired Barcode Date last seen Price effective from Koha item type
        2018-12-17 8403 2018-12-17 2018-12-17 წიგნი